000 00562nam a2200193 a 4500
001 1768630936807
003 YourLibrary
005 20260117115421.0
008 260117s2008##################000#0#eng##
020 _a9780763751050
082 0 4 _a618.8105
_bTAN
100 1 _aTanner, Dennis C.,
_eauthor.
245 1 0 _aThe Family Guide to Surviving Stroke and Communication Disorders :
260 _bJones & Bartlett Learning,
_c2008.
300 _a331 pages
650 0 _aFamily & Relationships.
942 _cENGLISH
040 _aYourLibrary
_beng
_cYourLibrary
999 _c608471
_d608471